Introducción a la biología celular /

Guardado en:
Autor Principal: Alberts, Bruce
Otros Autores: Bray, Dennis, Hopkin, Karen, Johnson, Alexander
Formato: Libro
Publicado: Buenos Aires : Médica Panamericana, 2011
Edición:3a. ed.
Materias:
Etiquetas: Agregar Etiqueta
Sin Etiquetas, Sea el primero en etiquetar este registro!
LEADER 01466nam a22002415a 4500
001 CEM.cems017617
005 20110610110646.0
008 130507s2011##################000#0#####d
003 CEMS
020 |a 9786077743187 
082 0 4 |a 571.6 
100 1 |a Alberts, Bruce 
245 1 0 |a Introducción a la biología celular /  |c Bruce Alberts ... [et Al.] 
250 |a 3a. ed. 
260 |a Buenos Aires :  |b Médica Panamericana,  |c 2011 
300 |a 900 p. 
505 0 |a Introducción a las células -- Componenete químicos de las células -- Energía, catálisis y biosíntesis -- Estructura y función de las proteínas -- DNA y cromosomas -- Replicación, reparación y recombinación del DNA -- Del DNA a la proteína, cómo leen el genoma las células -- Control de la expresión génica -- Cómo evolucionan los genes y los genomas -- Análisis de genes y genomas -- Estructura de la membrana -- Cómo las celulas obtienen energía de los alimentos -- Generación de energía y mitocondrias y cloroplastos -- Compartimientos y transporte intracelulares -- Comunicación celular -- Citoesqueleto -- Ciclo de división celular -- Sexo y genética -- Comunidades celulares, tejidos, células madre y cáncer 
653 |a Biología celular 
700 1 |a Bray, Dennis 
700 1 |a Hopkin, Karen 
700 1 |a Johnson, Alexander 
859 |a CEMS  |b BIB. CEMS - Agricultura  |h 571.6  |i Al141a3  |p A1391.11  |t Ej.1 
859 |a CEMS  |b BIB. CEMS - Agricultura  |h 571.6  |i Al141a3  |p A2719.16  |t Ej.2